Real estate investment trusts (Record no. 106404)
[ view plain ]
| 000 -LEADER | |
|---|---|
| fixed length control field | 01015cam a2200253 4500 |
| 001 - CONTROL NUMBER | |
| control field | L136484 |
| 008 - FIXED-LENGTH DATA ELEMENTS--GENERAL INFORMATION | |
| fixed length control field | 070202n2007 000 0 eng u |
| 020 ## - INTERNATIONAL STANDARD BOOK NUMBER | |
| International Standard Book Number | 0954870670 |
| 035 ## - SYSTEM CONTROL NUMBER | |
| System control number | (Sirsi) u136484 |
| 050 04 - LIBRARY OF CONGRESS CALL NUMBER | |
| Classification number | 332.6324 $2 18 |
| 245 00 - TITLE STATEMENT | |
| Title | Real estate investment trusts |
| Remainder of title | a global analysis |
| 260 ## - PUBLICATION, DISTRIBUTION, ETC. | |
| Place of publication, distribution, etc. | London |
| Name of publisher, distributor, etc. | Globe Business Publishing Limited |
| Date of publication, distribution, etc. | 2007 |
| 300 ## - PHYSICAL DESCRIPTION | |
| Extent | 272p. |
| Dimensions | 24cm. |
| 350 ## - PRICE (NR) (BK AM CF MU VM SE) [OBSOLETE] | |
| Price | 115.00 |
| 505 2# - FORMATTED CONTENTS NOTE | |
| Formatted contents note | Australia -- Belgium -- Canada -- France -- Germany -- Hong Kong -- Japan -- Malaysia -- Netherlands -- Singapore -- United Kingdom -- United States |
| 520 ## - SUMMARY, ETC. | |
| Summary, etc. | Discusses the rules and regulation governing REITs, their tax treatment and how they compare with other property funds in the jurisdiction. Considers investor limitations, distribution requirements, gearing, conversion charge and treatment of offshore investors. |
| 590 ## - LOCAL NOTE (RLIN) | |
| Local note | KA |
| 590 ## - LOCAL NOTE (RLIN) | |
| Local note | KA |
| 651 #4 - SUBJECT ADDED ENTRY--GEOGRAPHIC NAME | |
| Geographic name | International |
| 690 ## - LOCAL SUBJECT ADDED ENTRY--TOPICAL TERM (OCLC, RLIN) | |
| Topical term or geographic name as entry element | Sales |
| 9 (RLIN) | 6269 |
| 700 1# - ADDED ENTRY--PERSONAL NAME | |
| Personal name | Booth, Rachel |
| Relator term | Editor |
| 942 ## - ADDED ENTRY ELEMENTS (KOHA) | |
| Suppress in OPAC | 0 |
| Withdrawn status | Lost status | Source of classification or shelving scheme | Damaged status | Not for loan | Home library | Current library | Shelving location | Date acquired | Cost, normal purchase price | Total Checkouts | Full call number | Barcode | Date last seen | Date last checked out | Copy number | Cost, replacement price | Price effective from | Koha item type |
|---|---|---|---|---|---|---|---|---|---|---|---|---|---|---|---|---|---|---|
| Dewey Decimal Classification | London | London | Books | 15/02/2007 | 115.00 | 12 | 332.6324 REA | 30073672 | 06/08/2019 | 17/11/2009 | 1 | 115.00 | 06/08/2019 | Book |